| 000 | 00000nas 2200000zi 4500 |
| 001 | 9.930986 |
| 003 | CaOODSP |
| 005 | 20251124090623 |
| 006 | m o d f |
| 007 | cr ||||||||||| |
| 008 | 231129c20199999oncar p o f0###a0eng|d |
| 040 | |aCaOODSP|beng|erda|cCaOODSP |
| 043 | |an-cn--- |
| 086 | 1 |aNG1-6E-PDF |
| 110 | 2 |aNational Gallery of Canada.|e author, |eissuing body. |
| 245 | 10|aAnnual report : |bAccess to Information Act, April 1, ... to March 31, ... . |
| 246 | 37|aAnnual report, Access to Information Act, NGC ... |
| 264 | 1|a[Ottawa] : |bNational Gallery of Canada = Musée des beaux-arts du Canada, |c[2019]- |
| 310 | |aAnnual |
| 336 | |atext|btxt|2rdacontent |
| 337 | |acomputer|bc|2rdamedia |
| 338 | |aonline resource|bcr|2rdacarrier |
| 362 | 1 |aBegan with: 2018/2019. |
| 500 | |aCover title. |
| 500 | |aIssued also in French under title: Rapport annuel : Loi sur l’accès à l’information du 1er avril ... au 31 mars ... . |
| 588 | |aDescription based on: 2018/2019. |
| 588 | |aLatest issue consulted: 2022/2023. |
| 610 | 20|aNational Gallery of Canada|vPeriodicals. |
| 610 | 10|aCanada. |tAccess to Information Act|vPeriodicals. |
| 650 | 0|aGovernment information|zCanada|vPeriodicals. |
| 650 | 0|aFreedom of information|zCanada|vPeriodicals. |
| 655 | 7|aPeriodicals|2lcgft |
| 775 | 08|tRapport annuel : |w(CaOODSP)9.930996 |